00309nam a2200121Ia 4500003000400000008004100004020002600045040000800071100001800079245004600097260003400143300001000177LDD181101s9999 xx 000 0 und d a9789382775089c240.00 cLDD aHanfi, Shamim 0aMiraji aur un ka nigarkhanacShamim Hanfi aDelhibDilli Kitab Gharc2013 a160p.